La vagabunda / (Record no. 45446)

MARC details
000 -LEADER
campo de control de longitud fija 00519nam a2200181 i 4500
001 - NÚMERO DE CONTROL
campo de control 45446
003 - IDENTIFICADOR DE NÚMERO DE CONTROL
campo de control ES-MaACL
005 - FECHA Y HORA DE LA ÚLTIMA TRANSACCIÓN
campo de control 20250918063025.0
007 - CAMPO FIJO DE DESCRIPCIÓN FÍSICA--INFORMACIÓN GENERAL
campo de control de longitud fija t|
008 - DATOS DE LONGITUD FIJA--INFORMACIÓN GENERAL
campo de control de longitud fija 030326s1965 sp ||||1| spa d
100 1# - ENTRADA PRINCIPAL--NOMBRE DE PERSONA
Nombre de persona Colette,
Fechas asociadas al nombre 1873-1954
9 (RLIN) 161423
245 13 - MENCIÓN DEL TÍTULO
Título La vagabunda /
Mención de responsabilidad, etc. Colette ; traducción de Mariano García.
260 ## - PUBLICACIÓN, DISTRIBUCIÓN, ETC.
Lugar de publicación, distribución, etc. Barcelona :
Nombre del editor, distribuidor, etc. AHR,
Fecha de publicación, distribución, etc. [1965]
300 ## - DESCRIPCIÓN FÍSICA
Extensión 287 p. ;
Dimensiones 18 cm.
700 1# - ENTRADA AGREGADA--NOMBRE PERSONAL
Nombre de persona García Sanz, Mariano.
9 (RLIN) 160309
852 ## - LOCALIZACIÓN
Ubicación ES-MaACL
Número de control de estantería C-23327
Sublocalización o colección R.51929
Holdings
Estatus retirado Estado de pérdida Estado de daño No para préstamo Biblioteca de origen Biblioteca actual Ubicación en estantería Fecha de adquisición Fuente de adquisición Total de préstamos Signatura topográfica completa Código de barras Visto por última vez Precio de reemplazo Tipo de ítem Koha
        Biblioteca del Ateneo de Madrid Biblioteca del Ateneo de Madrid Depósito 2 17/01/2008     C-23327 1047819 23/02/2023 23/02/2023 Libro impreso